LIBRARY & INFORMATION CENTRE, KCAET, TAVANUR

ONLINE PUBLIC ACCESS CATALOGUE (OPAC)

Advance Graphics Programming in C and C++ (Record no. 15743)

MARC details
000 -LEADER
fixed length control field 00335nam a22001337a 4500
003 - CONTROL NUMBER IDENTIFIER
control field OSt
008 - FIXED-LENGTH DATA ELEMENTS--GENERAL INFORMATION
fixed length control field 190926b ||||| |||| 00| 0 eng d
082 ## - DEWEY DECIMAL CLASSIFICATION NUMBER
Classification number 005
Item number STE/AD
100 ## - MAIN ENTRY--AUTHOR NAME
Personal name Stevence,R T
245 ## - TITLE STATEMENT
Title Advance Graphics Programming in C and C++
260 ## - PUBLICATION, DISTRIBUTION, ETC. (IMPRINT)
Place of publication New Delhi
Name of publisher DBP
Year of publication 1992
700 ## - ADDED ENTRY--PERSONAL NAME
Personal name Watkins, D.
942 ## - ADDED ENTRY ELEMENTS (KOHA)
Koha item type Books
Holdings
Withdrawn status Lost status Damaged status Home library Current library Shelving location Date acquired Full call number Accession Number Koha item type
Withdrawn     KAUAET KAUAET General Stacks 26/09/2019 005 STE/AD 18408 Books
free website counter